[Event "DVM U12 2022"]
[Site "München GER"]
[Date "2022.12.30"]
[Round "7"]
[White "Nguyen, Thanh An"]
[Black "Kulkovets, Roman"]
[Result "0-1"]
[Termination "normal"]
[Board "9.1"]
[WhiteElo "1219"]
[BlackElo "1509"]
[WhiteClock "01:00:34"]
[BlackClock "00:47:34"]
[WhiteTeam "SV Dresden-Striesen 1990"]
[BlackTeam "Heilbronner SV"]
[PlyCount "82"]
[WhiteFideId "34627804"]
[BlackFideId "34119272"]
[EventCountry "GER"]
[EventRounds "7"]
[EventType "team-swiss"]
[EventDate "2022.12.26"]

1. d4 {[%clk 01:30:58]} {[%emt 00:00:01]} Nf6 {[%clk 01:13:09]} {[%emt
00:03:48]} 2. c4 {[%clk 01:31:22]} {[%emt 00:00:07]} e6 {[%clk 01:13:31]}
{[%emt 00:00:08]} 3. Nc3 {[%clk 01:31:30]} {[%emt 00:00:22]} d5 {[%clk
01:13:19]} {[%emt 00:00:41]} 4. e3 {[%clk 01:31:40]} {[%emt 00:00:20]} dxc4
{[%clk 01:12:08]} {[%emt 00:01:42]} 5. Bxc4 {[%clk 01:31:39]} {[%emt 00:00:31]}
c6 {[%clk 01:12:32]} {[%emt 00:00:06]} 6. Nf3 {[%clk 01:31:49]} {[%emt
00:00:19]} Bb4 {[%clk 01:12:54]} {[%emt 00:00:08]} 7. O-O {[%clk 01:31:12]}
{[%emt 00:01:07]} O-O {[%clk 01:12:41]} {[%emt 00:00:43]} 8. Qb3 {[%clk
01:30:48]} {[%emt 00:00:54]} a5 {[%clk 01:12:40]} {[%emt 00:00:31]} 9. a4
{[%clk 01:29:48]} {[%emt 00:01:31]} Nbd7 {[%clk 01:10:06]} {[%emt 00:03:04]}
10. Bd2 {[%clk 01:27:26]} {[%emt 00:02:51]} Qc7 {[%clk 01:09:20]} {[%emt
00:01:15]} 11. Ne2 {[%clk 01:25:38]} {[%emt 00:02:18]} Bd6 {[%clk 01:05:04]}
{[%emt 00:04:47]} 12. Ng3 {[%clk 01:24:09]} {[%emt 00:01:58]} e5 {[%clk
01:05:03]} {[%emt 00:00:31]} 13. Bc3 {[%clk 01:24:11]} {[%emt 00:00:29]} exd4
{[%clk 01:01:18]} {[%emt 00:04:16]} 14. Nxd4 {[%clk 01:23:12]} {[%emt
00:01:28]} Bxg3 {[%clk 01:00:57]} {[%emt 00:00:51]} 15. hxg3 {[%clk 01:23:25]}
{[%emt 00:00:16]} Nc5 {[%clk 01:01:22]} {[%emt 00:00:05]} 16. Qc2 {[%clk
01:22:38]} {[%emt 00:01:18]} Nfe4 {[%clk 00:57:13]} {[%emt 00:04:38]} 17. Nb3
{[%clk 01:22:03]} {[%emt 00:01:06]} Nxb3 {[%clk 00:56:32]} {[%emt 00:01:12]}
18. Bxb3 {[%clk 01:20:36]} {[%emt 00:01:56]} Bf5 {[%clk 00:56:37]} {[%emt
00:00:25]} 19. Qe2 {[%clk 01:19:23]} {[%emt 00:01:42]} Nxc3 {[%clk 00:56:27]}
{[%emt 00:00:10]} 20. bxc3 {[%clk 01:19:47]} {[%emt 00:00:07]} Qe5 {[%clk
00:56:58]} {[%emt 00:00:29]} 21. Bc2 {[%clk 01:17:38]} {[%emt 00:02:38]} Bxc2
{[%clk 00:56:21]} {[%emt 00:01:08]} 22. Qxc2 {[%clk 01:18:01]} {[%emt
00:00:08]} b5 {[%clk 00:56:21]} {[%emt 00:00:30]} 23. Rfd1 {[%clk 01:17:10]}
{[%emt 00:01:20]} Rfd8 {[%clk 00:54:12]} {[%emt 00:02:39]} 24. Rd4 {[%clk
01:13:20]} {[%emt 00:04:18]} Rxd4 {[%clk 00:50:23]} {[%emt 00:04:22]} 25. cxd4
{[%clk 01:13:38]} {[%emt 00:00:11]} Qd5 {[%clk 00:50:26]} {[%emt 00:00:26]} 26.
Rc1 {[%clk 01:13:15]} {[%emt 00:00:53]} bxa4 {[%clk 00:50:32]} {[%emt
00:00:25]} 27. Qxa4 {[%clk 01:13:22]} {[%emt 00:00:23]} Qb5 {[%clk 00:50:56]}
{[%emt 00:00:06]} 28. Qc2 {[%clk 01:11:26]} {[%emt 00:02:26]} a4 {[%clk
00:50:09]} {[%emt 00:01:18]} 29. Qxc6 {[%clk 01:11:15]} {[%emt 00:00:40]} Qxc6
{[%clk 00:50:35]} {[%emt 00:00:04]} 30. Rxc6 {[%clk 01:11:36]} {[%emt
00:00:09]} a3 {[%clk 00:50:30]} {[%emt 00:00:36]} 31. Rc1 {[%clk 01:11:55]}
{[%emt 00:00:11]} Rb8 {[%clk 00:49:59]} {[%emt 00:01:02]} 32. Ra1 {[%clk
01:11:46]} {[%emt 00:00:38]} Rb3 {[%clk 00:50:21]} {[%emt 00:00:07]} 33. e4
{[%clk 01:11:23]} {[%emt 00:00:53]} Kf8 {[%clk 00:50:40]} {[%emt 00:00:12]} 34.
Kf1 {[%clk 01:10:42]} {[%emt 00:01:11]} Ke7 {[%clk 00:51:04]} {[%emt 00:00:06]}
35. Ke1 {[%clk 01:10:37]} {[%emt 00:00:35]} Kd7 {[%clk 00:50:15]} {[%emt
00:01:20]} 36. Kd1 {[%clk 01:10:49]} {[%emt 00:00:19]} Kc6 {[%clk 00:49:46]}
{[%emt 00:00:59]} 37. Ra2 {[%clk 01:08:12]} {[%emt 00:03:07]} Kb5 {[%clk
00:48:35]} {[%emt 00:01:41]} 38. d5 {[%clk 01:07:57]} {[%emt 00:00:44]} Kb4
{[%clk 00:47:17]} {[%emt 00:01:49]} 39. Kc2 {[%clk 01:07:10]} {[%emt 00:01:17]}
Rc3 {[%clk 00:47:24]} {[%emt 00:00:23]} 40. Kd2 {[%clk 01:07:32]} {[%emt
00:00:07]} Rc8 {[%clk 00:47:49]} {[%emt 00:00:05]} 41. Rc2 {[%clk 01:00:34]}
{[%emt 00:07:27]} Ra8 {[%clk 00:47:34]} {[%emt 00:00:46]} 0-1

[Event "DVM U12 2022"]
[Site "München GER"]
[Date "2022.12.30"]
[Round "7"]
[White "Wolff, Calvin"]
[Black "Xu, Wanghan"]
[Result "1/2-1/2"]
[Termination "normal"]
[Board "9.2"]
[WhiteElo "1429"]
[BlackElo "1275"]
[WhiteClock "00:04:25"]
[BlackClock "00:06:51"]
[WhiteTeam "Heilbronner SV"]
[BlackTeam "SV Dresden-Striesen 1990"]
[PlyCount "135"]
[WhiteFideId "16269969"]
[BlackFideId "34608745"]
[EventCountry "GER"]
[EventRounds "7"]
[EventType "team-swiss"]
[EventDate "2022.12.26"]

1. e4 {[%clk 01:29:36]} {[%emt 00:01:23]} e5 {[%clk 01:30:53]} {[%emt
00:00:07]} 2. Nf3 {[%clk 01:30:04]} {[%emt 00:00:03]} Nc6 {[%clk 01:31:19]}
{[%emt 00:00:56]} 3. Bc4 {[%clk 01:31:44]} {[%emt 00:00:13]} Bc5 {[%clk
01:31:02]} {[%emt 00:00:46]} 4. c3 {[%clk 01:32:10]} {[%emt 00:00:05]} Nf6
{[%clk 01:30:04]} {[%emt 00:01:28]} 5. d3 {[%clk 01:32:36]} {[%emt 00:00:04]}
h6 {[%clk 01:30:17]} {[%emt 00:00:17]} 6. a4 {[%clk 01:32:45]} {[%emt
00:00:20]} a5 {[%clk 01:30:28]} {[%emt 00:00:20]} 7. Na3 {[%clk 01:32:51]}
{[%emt 00:00:23]} Bxa3 {[%clk 01:29:32]} {[%emt 00:01:27]} 8. Rxa3 {[%clk
01:33:09]} {[%emt 00:00:12]} d6 {[%clk 01:29:42]} {[%emt 00:00:19]} 9. h3
{[%clk 01:33:33]} {[%emt 00:00:07]} Ne7 {[%clk 01:28:09]} {[%emt 00:02:03]} 10.
O-O {[%clk 01:33:35]} {[%emt 00:00:28]} Ng6 {[%clk 01:28:01]} {[%emt 00:00:37]}
11. Re1 {[%clk 01:32:30]} {[%emt 00:01:36]} c6 {[%clk 01:26:45]} {[%emt
00:01:45]} 12. d4 {[%clk 01:32:34]} {[%emt 00:00:27]} O-O {[%clk 01:24:03]}
{[%emt 00:03:11]} 13. Qc2 {[%clk 01:18:24]} {[%emt 00:14:38]} exd4 {[%clk
01:19:57]} {[%emt 00:04:38]} 14. cxd4 {[%clk 01:18:36]} {[%emt 00:00:18]} Bd7
{[%clk 01:18:08]} {[%emt 00:02:16]} 15. Ba2 {[%clk 01:17:31]} {[%emt 00:01:38]}
d5 {[%clk 01:16:20]} {[%emt 00:02:18]} 16. e5 {[%clk 01:11:27]} {[%emt
00:06:34]} Ne8 {[%clk 01:16:00]} {[%emt 00:00:48]} 17. Bd2 {[%clk 01:11:15]}
{[%emt 00:00:44]} Nc7 {[%clk 01:14:55]} {[%emt 00:01:25]} 18. Bb1 {[%clk
01:09:35]} {[%emt 00:02:19]} Re8 {[%clk 01:11:16]} {[%emt 00:04:07]} 19. Qc1
{[%clk 01:04:35]} {[%emt 00:05:32]} Nh4 {[%clk 01:04:10]} {[%emt 00:07:34]} 20.
Nxh4 {[%clk 01:04:03]} {[%emt 00:01:05]} Qxh4 {[%clk 01:04:25]} {[%emt
00:00:14]} 21. Rg3 {[%clk 00:58:50]} {[%emt 00:05:43]} Kf8 {[%clk 01:00:40]}
{[%emt 00:04:15]} 22. b4 {[%clk 00:56:03]} {[%emt 00:03:18]} b6 {[%clk
01:00:20]} {[%emt 00:00:50]} 23. bxa5 {[%clk 00:56:21]} {[%emt 00:00:12]} bxa5
{[%clk 01:00:29]} {[%emt 00:00:21]} 24. Qa3 {[%clk 00:56:19]} {[%emt 00:00:32]}
Re7 {[%clk 00:55:21]} {[%emt 00:05:38]} 25. Qd3 {[%clk 00:41:59]} {[%emt
00:14:49]} g6 {[%clk 00:53:15]} {[%emt 00:02:36]} 26. Rxg6 {[%clk 00:35:46]}
{[%emt 00:06:44]} fxg6 {[%clk 00:50:45]} {[%emt 00:03:00]} 27. Qxg6 {[%clk
00:36:08]} {[%emt 00:00:08]} Re6 {[%clk 00:50:10]} {[%emt 00:01:01]} 28. Bxh6
{[%clk 00:36:05]} {[%emt 00:00:36]} Qxh6 {[%clk 00:50:24]} {[%emt 00:00:17]}
29. Qf5 {[%clk 00:35:25]} {[%emt 00:01:10]} Ke7 {[%clk 00:50:04]} {[%emt
00:00:50]} 30. Re3 {[%clk 00:33:50]} {[%emt 00:02:06]} Rf8 {[%clk 00:49:48]}
{[%emt 00:00:45]} 31. Qc2 {[%clk 00:34:14]} {[%emt 00:00:06]} Kd8 {[%emt
00:02:14]} 32. Qc5 {[%clk 00:34:14]} Rg8 {[%clk 00:45:19]} {[%emt 00:03:43]}
33. Rb3 {[%clk 00:34:10]} {[%emt 00:00:36]} Qd2 {[%clk 00:43:27]} {[%emt
00:02:21]} 34. Rb8 {[%clk 00:31:25]} {[%emt 00:03:16]} Bc8 {[%clk 00:43:40]}
{[%emt 00:00:16]} 35. Bf5 {[%clk 00:30:14]} {[%emt 00:01:43]} Qh6 {[%clk
00:39:58]} {[%emt 00:04:05]} 36. g3 {[%clk 00:22:14]} {[%emt 00:08:38]} Qf8
{[%clk 00:37:03]} {[%emt 00:03:19]} 37. Qc2 {[%clk 00:21:45]} {[%emt 00:01:04]}
Kd7 {[%clk 00:33:24]} {[%emt 00:04:09]} 38. Kg2 {[%clk 00:19:55]} {[%emt
00:02:21]} Rg5 {[%clk 00:32:58]} {[%emt 00:00:56]} 39. Bxe6 {[%clk 00:19:06]}
{[%emt 00:01:19]} Nxe6 {[%clk 00:33:07]} {[%emt 00:00:21]} 40. Rb6 {[%clk
00:19:15]} {[%emt 00:00:20]} Nxd4 {[%clk 00:32:41]} {[%emt 00:00:57]} 41. Qc3
{[%clk 00:18:48]} {[%emt 00:00:57]} Qf3 {[%clk 00:31:28]} {[%emt 00:01:44]} 42.
Qxf3 {[%clk 00:19:06]} {[%emt 00:00:11]} Nxf3 {[%clk 00:31:54]} {[%emt
00:00:04]} 43. Kxf3 {[%clk 00:19:27]} {[%emt 00:00:09]} Rxe5 {[%clk 00:32:15]}
{[%emt 00:00:08]} 44. g4 {[%clk 00:18:42]} {[%emt 00:01:15]} Kd6 {[%clk
00:30:23]} {[%emt 00:02:22]} 45. Rb8 {[%clk 00:18:17]} {[%emt 00:00:55]} Bd7
{[%clk 00:30:00]} {[%emt 00:00:53]} 46. h4 {[%clk 00:18:04]} {[%emt 00:00:43]}
Re4 {[%clk 00:29:46]} {[%emt 00:00:42]} 47. Rg8 {[%clk 00:18:08]} {[%emt
00:00:28]} Rxa4 {[%clk 00:29:06]} {[%emt 00:01:10]} 48. h5 {[%clk 00:18:18]}
{[%emt 00:00:20]} Re4 {[%clk 00:23:30]} {[%emt 00:06:06]} 49. h6 {[%clk
00:18:23]} {[%emt 00:00:26]} Re7 {[%clk 00:23:35]} {[%emt 00:00:24]} 50. Rg6
{[%clk 00:18:13]} {[%emt 00:00:41]} Ke5 {[%clk 00:23:31]} {[%emt 00:00:31]} 51.
Kg3 {[%clk 00:18:10]} {[%emt 00:00:36]} d4 {[%clk 00:21:46]} {[%emt 00:02:15]}
52. f4 {[%clk 00:17:52]} {[%emt 00:00:48]} Ke4 {[%clk 00:21:36]} {[%emt
00:00:40]} 53. f5 {[%clk 00:17:56]} {[%emt 00:00:26]} Bxf5 {[%clk 00:18:59]}
{[%emt 00:03:07]} 54. gxf5 {[%clk 00:18:13]} {[%emt 00:00:13]} Kxf5 {[%clk
00:19:22]} {[%emt 00:00:07]} 55. Rxc6 {[%clk 00:17:35]} {[%emt 00:01:07]} Ke4
{[%clk 00:16:10]} {[%emt 00:03:42]} 56. Ra6 {[%clk 00:16:32]} {[%emt 00:01:34]}
Rh7 {[%clk 00:15:46]} {[%emt 00:00:51]} 57. Re6 {[%clk 00:09:00]} {[%emt
00:08:04]} Kd3 {[%clk 00:15:23]} {[%emt 00:00:53]} 58. Kg4 {[%clk 00:04:55]}
{[%emt 00:04:36]} Kd2 {[%clk 00:13:42]} {[%emt 00:02:11]} 59. Kg5 {[%clk
00:04:13]} {[%emt 00:01:11]} d3 {[%clk 00:12:02]} {[%emt 00:02:10]} 60. Ra6
{[%clk 00:04:21]} {[%emt 00:00:23]} Ke1 {[%clk 00:11:40]} {[%emt 00:00:50]} 61.
Rxa5 {[%clk 00:04:27]} {[%emt 00:00:25]} d2 {[%clk 00:11:34]} {[%emt 00:00:37]}
62. Rd5 {[%clk 00:04:35]} {[%emt 00:00:22]} Ra7 {[%clk 00:07:51]} {[%emt
00:04:12]} 63. Kg6 {[%clk 00:03:34]} {[%emt 00:01:31]} d1=Q {[%emt 00:01:18]}
64. Rxd1 {[%emt 00:00:06]} Kxd1 {[%clk 00:06:49]} {[%emt 00:00:09]} 65. h7
{[%clk 00:03:53]} {[%emt 00:00:11]} Ra6 {[%clk 00:06:16]} {[%emt 00:01:02]} 66.
Kg7 {[%clk 00:04:13]} {[%emt 00:00:10]} Ra7 {[%clk 00:06:34]} {[%emt 00:00:11]}
67. Kg6 {[%clk 00:04:37]} {[%emt 00:00:08]} Rxh7 {[%clk 00:06:51]} {[%emt
00:00:13]} 68. Kxh7 {[%clk 00:04:25]} {[%emt 00:00:06]} 1/2-1/2

[Event "DVM U12 2022"]
[Site "München GER"]
[Date "2022.12.30"]
[Round "7"]
[White "Rokhmanova, Vitalina"]
[Black "Arndt, Niklas"]
[Result "1-0"]
[Termination "normal"]
[Board "9.3"]
[WhiteElo "1312"]
[BlackElo "1171"]
[WhiteClock "00:11:20"]
[BlackClock "00:59:32"]
[WhiteTeam "SV Dresden-Striesen 1990"]
[BlackTeam "Heilbronner SV"]
[PlyCount "87"]
[WhiteFideId "34640533"]
[BlackFideId "34640380"]
[EventCountry "GER"]
[EventRounds "7"]
[EventType "team-swiss"]
[EventDate "2022.12.26"]

1. e4 {[%clk 01:30:59]} e5 {[%clk 01:30:53]} {[%emt 00:00:07]} 2. Nf3 {[%clk
01:31:26]} {[%emt 00:00:04]} Nc6 {[%clk 01:31:10]} {[%emt 00:00:14]} 3. Bc4
{[%clk 01:31:51]} {[%emt 00:00:05]} Bc5 {[%clk 01:31:23]} {[%emt 00:00:17]} 4.
c3 {[%clk 01:32:03]} {[%emt 00:00:17]} Nf6 {[%clk 01:31:13]} {[%emt 00:00:40]}
5. d3 {[%clk 01:31:59]} {[%emt 00:00:34]} h6 {[%clk 01:30:59]} {[%emt
00:00:44]} 6. h3 {[%clk 01:30:47]} {[%emt 00:01:41]} d5 {[%clk 01:30:13]}
{[%emt 00:01:17]} 7. exd5 {[%clk 01:28:59]} {[%emt 00:02:18]} Nxd5 {[%clk
01:30:15]} {[%emt 00:00:27]} 8. Qe2 {[%clk 01:23:28]} {[%emt 00:06:01]} f6
{[%clk 01:26:19]} {[%emt 00:04:27]} 9. d4 {[%clk 01:20:05]} {[%emt 00:03:51]}
Bb6 {[%clk 01:23:06]} {[%emt 00:03:45]} 10. dxe5 {[%clk 01:17:42]} {[%emt
00:02:53]} fxe5 {[%clk 01:22:46]} {[%emt 00:00:50]} 11. Nxe5 {[%clk 01:16:57]}
{[%emt 00:01:15]} Nxe5 {[%clk 01:22:54]} {[%emt 00:00:22]} 12. Qxe5 {[%clk
01:17:18]} {[%emt 00:00:08]} Ne7 {[%clk 01:23:08]} {[%emt 00:00:16]} 13. O-O
{[%clk 01:11:43]} {[%emt 00:06:06]} Bf5 {[%clk 01:22:30]} {[%emt 00:01:07]} 14.
Bf4 {[%clk 01:06:27]} {[%emt 00:05:46]} Qd7 {[%clk 01:21:51]} {[%emt 00:01:09]}
15. Re1 {[%clk 00:57:46]} {[%emt 00:09:10]} O-O-O {[%clk 01:17:54]} {[%emt
00:04:29]} 16. Qxe7 {[%clk 00:57:16]} {[%emt 00:00:58]} Qc6 {[%clk 01:17:30]}
{[%emt 00:00:56]} 17. Na3 {[%clk 00:54:06]} {[%emt 00:03:40]} Rhf8 {[%clk
01:16:38]} {[%emt 00:01:21]} 18. Bg3 {[%clk 00:51:58]} {[%emt 00:02:38]} Bd7
{[%clk 01:11:17]} {[%emt 00:05:51]} 19. Rad1 {[%clk 00:44:49]} {[%emt
00:07:39]} Bc5 {[%clk 01:10:41]} {[%emt 00:01:06]} 20. Qe4 {[%clk 00:39:23]}
{[%emt 00:05:55]} Qf6 {[%clk 01:10:03]} {[%emt 00:01:09]} 21. Re2 {[%clk
00:33:37]} {[%emt 00:06:15]} Rde8 {[%clk 01:09:08]} {[%emt 00:01:26]} 22. Qd3
{[%clk 00:27:37]} {[%emt 00:06:27]} Rxe2 {[%clk 01:07:50]} {[%emt 00:01:50]}
23. Qxe2 {[%clk 00:22:19]} {[%emt 00:05:48]} Bc6 {[%clk 01:06:40]} {[%emt
00:01:41]} 24. Qe6 {[%clk 00:18:01]} {[%emt 00:04:46]} Qxe6 {[%clk 01:06:03]}
{[%emt 00:01:09]} 25. Bxe6 {[%clk 00:18:26]} {[%emt 00:00:05]} Kb8 {[%clk
01:06:08]} {[%emt 00:00:25]} 26. Nc4 {[%clk 00:18:24]} {[%emt 00:00:32]} g5
{[%clk 01:05:28]} {[%emt 00:01:10]} 27. Ne5 {[%clk 00:17:49]} {[%emt 00:01:05]}
h5 {[%clk 01:05:10]} {[%emt 00:00:49]} 28. Rd2 {[%clk 00:17:27]} {[%emt
00:00:50]} a6 {[%clk 01:04:44]} {[%emt 00:00:56]} 29. Bd7 {[%clk 00:17:14]}
{[%emt 00:00:42]} Be4 {[%clk 01:04:29]} {[%emt 00:00:48]} 30. Ba4 {[%clk
00:16:51]} {[%emt 00:00:51]} Ka7 {[%clk 01:02:09]} {[%emt 00:02:52]} 31. Bb3
{[%clk 00:13:49]} {[%emt 00:03:32]} Bb6 {[%clk 01:00:29]} {[%emt 00:02:09]} 32.
Nf7 {[%clk 00:13:10]} {[%emt 00:01:09]} g4 {[%clk 01:00:22]} {[%emt 00:00:37]}
33. hxg4 {[%clk 00:13:22]} {[%emt 00:00:18]} hxg4 {[%clk 01:00:41]} {[%emt
00:00:11]} 34. Ne5 {[%clk 00:13:08]} {[%emt 00:00:43]} Rg8 {[%clk 01:00:31]}
{[%emt 00:00:41]} 35. Bxg8 {[%clk 00:13:31]} {[%emt 00:00:07]} Bf5 {[%clk
00:59:49]} {[%emt 00:01:12]} 36. b4 {[%clk 00:13:36]} {[%emt 00:00:25]} c6
{[%clk 00:59:56]} {[%emt 00:00:23]} 37. Nd7 {[%clk 00:13:43]} {[%emt 00:00:22]}
Bg6 {[%clk 00:59:38]} {[%emt 00:00:50]} 38. Bf4 {[%clk 00:13:40]} {[%emt
00:00:31]} Bf5 {[%clk 00:59:16]} {[%emt 00:00:53]} 39. a4 {[%clk 00:13:29]}
{[%emt 00:00:42]} Bd8 {[%clk 00:59:24]} {[%emt 00:00:22]} 40. Kh2 {[%clk
00:12:46]} {[%emt 00:01:12]} Be7 {[%clk 00:59:26]} {[%emt 00:00:28]} 41. f3
{[%clk 00:11:35]} {[%emt 00:01:40]} gxf3 {[%clk 00:59:25]} {[%emt 00:00:32]}
42. gxf3 {[%clk 00:11:58]} {[%emt 00:00:07]} Bg6 {[%clk 00:59:18]} {[%emt
00:00:38]} 43. Kg3 {[%clk 00:11:21]} {[%emt 00:01:06]} Bf5 {[%clk 00:59:32]}
{[%emt 00:00:16]} 44. Be3 {[%clk 00:11:20]} {[%emt 00:00:30]} 1-0

[Event "DVM U12 2022"]
[Site "München GER"]
[Date "2022.12.30"]
[Round "7"]
[White "Mast, Noah Ben"]
[Black "Reichel, Emilio"]
[Result "0-1"]
[Termination "normal"]
[Board "9.4"]
[WhiteElo "1122"]
[BlackElo "1037"]
[WhiteClock "01:06:09"]
[BlackClock "00:43:41"]
[WhiteTeam "Heilbronner SV"]
[BlackTeam "SV Dresden-Striesen 1990"]
[PlyCount "88"]
[WhiteFideId "34632042"]
[BlackFideId "34640517"]
[EventCountry "GER"]
[EventRounds "7"]
[EventType "team-swiss"]
[EventDate "2022.12.26"]

1. e4 {[%clk 01:30:55]} {[%emt 00:00:04]} c5 {[%clk 01:30:56]} {[%emt
00:00:04]} 2. Nf3 {[%clk 01:31:15]} {[%emt 00:00:10]} Nc6 {[%clk 01:31:16]}
{[%emt 00:00:11]} 3. c3 {[%clk 01:31:20]} {[%emt 00:00:24]} Nf6 {[%clk
01:31:34]} {[%emt 00:00:12]} 4. e5 {[%clk 01:31:17]} {[%emt 00:00:33]} Ng4
{[%clk 01:30:04]} {[%emt 00:02:00]} 5. d4 {[%clk 01:31:15]} {[%emt 00:00:32]}
cxd4 {[%emt 00:00:55]} 6. cxd4 {[%clk 01:31:35]} {[%emt 00:00:07]} d6 {[%clk
01:29:49]} {[%emt 00:00:24]} 7. Nc3 {[%clk 01:31:30]} {[%emt 00:00:34]} dxe5
{[%clk 01:27:41]} {[%emt 00:02:38]} 8. d5 {[%clk 01:30:25]} {[%emt 00:01:36]}
Qb6 {[%clk 01:17:21]} {[%emt 00:10:49]} 9. Qe2 {[%clk 01:29:42]} {[%emt
00:01:12]} Nd4 {[%clk 01:15:36]} {[%emt 00:02:17]} 10. Nxd4 {[%clk 01:28:23]}
{[%emt 00:01:47]} exd4 {[%clk 01:14:55]} {[%emt 00:01:12]} 11. Ne4 {[%clk
01:26:41]} {[%emt 00:02:12]} Qa5 {[%clk 01:13:19]} {[%emt 00:02:06]} 12. Bd2
{[%clk 01:26:05]} {[%emt 00:01:06]} Qxd5 {[%clk 01:13:00]} {[%emt 00:00:49]}
13. h3 {[%emt 00:01:31]} Nf6 {[%emt 00:02:25]} 14. Ng5 {[%clk 01:22:37]} {[%emt
00:02:57]} g6 {[%clk 01:09:39]} {[%emt 00:01:56]} 15. Qc4 {[%clk 01:21:37]}
{[%emt 00:01:30]} Qxc4 {[%clk 01:08:00]} {[%emt 00:02:10]} 16. Bxc4 {[%clk
01:21:59]} {[%emt 00:00:07]} e6 {[%clk 01:07:40]} {[%emt 00:00:50]} 17. O-O
{[%clk 01:21:30]} {[%emt 00:00:59]} Bg7 {[%clk 01:07:34]} {[%emt 00:00:37]} 18.
Bb4 {[%emt 00:00:40]} Bd7 {[%emt 00:00:40]} 19. Bc5 {[%clk 01:20:58]} {[%emt
00:00:51]} Rc8 {[%emt 00:01:18]} 20. b4 {[%emt 00:00:36]} b6 {[%clk 01:06:24]}
{[%emt 00:00:43]} 21. Ba6 {[%clk 01:20:53]} {[%emt 00:00:28]} bxc5 {[%clk
01:05:14]} {[%emt 00:01:40]} 22. Bxc8 {[%clk 01:21:09]} {[%emt 00:00:13]} Bxc8
{[%clk 01:04:16]} {[%emt 00:01:28]} 23. bxc5 {[%clk 01:21:19]} {[%emt
00:00:21]} O-O {[%clk 01:03:08]} {[%emt 00:01:38]} 24. Nf3 {[%clk 01:20:46]}
{[%emt 00:01:03]} Ne4 {[%clk 01:02:42]} {[%emt 00:00:57]} 25. c6 {[%clk
01:20:33]} {[%emt 00:00:42]} d3 {[%clk 01:02:50]} {[%emt 00:00:22]} 26. Rad1
{[%clk 01:20:24]} {[%emt 00:00:38]} Ba6 {[%clk 01:01:59]} {[%emt 00:01:22]} 27.
Rfe1 {[%emt 00:03:52]} Nc3 {[%clk 00:58:54]} {[%emt 00:00:32]} 28. Rd2 {[%clk
01:19:33]} {[%emt 00:01:02]} Rc8 {[%clk 00:57:47]} {[%emt 00:01:37]} 29. Ng5
{[%clk 01:18:39]} {[%emt 00:01:24]} Rxc6 {[%clk 00:56:43]} {[%emt 00:01:35]}
30. Ne4 {[%clk 01:18:35]} {[%emt 00:00:34]} Bh6 {[%emt 00:02:54]} 31. Rb2
{[%clk 01:16:59]} Bg7 {[%clk 00:52:32]} {[%emt 00:04:23]} 32. Rd2 {[%clk
01:13:23]} {[%emt 00:04:06]} f5 {[%clk 00:52:01]} {[%emt 00:01:01]} 33. Ng5
{[%clk 01:13:15]} {[%emt 00:00:38]} Rd6 {[%clk 00:52:13]} {[%emt 00:00:18]} 34.
Nxe6 {[%clk 01:13:27]} {[%emt 00:00:18]} Nb1 {[%clk 00:50:40]} {[%emt
00:02:03]} 35. Rb2 {[%clk 01:11:00]} {[%emt 00:02:57]} Bxb2 {[%clk 00:50:19]}
{[%emt 00:00:50]} 36. Ng5 {[%clk 01:05:58]} {[%emt 00:05:32]} Nc3 {[%clk
00:49:43]} {[%emt 00:01:06]} 37. Re8 {[%clk 01:06:08]} {[%emt 00:00:20]} Kg7
{[%clk 00:49:46]} {[%emt 00:00:28]} 38. Re7 {[%clk 01:06:07]} {[%emt 00:00:31]}
Kf6 {[%clk 00:49:23]} {[%emt 00:00:53]} 39. Rf7 {[%clk 01:06:11]} {[%emt
00:00:26]} Kxg5 {[%clk 00:47:01]} {[%emt 00:02:51]} 40. g3 {[%clk 01:05:44]}
{[%emt 00:00:58]} Ne2 {[%clk 00:45:20]} {[%emt 00:02:11]} 41. Kh2 {[%clk
01:05:52]} {[%emt 00:00:22]} d2 {[%clk 00:45:25]} {[%emt 00:00:24]} 42. h4
{[%clk 01:06:01]} {[%emt 00:00:22]} Kg4 {[%clk 00:45:29]} {[%emt 00:00:26]} 43.
Kg2 {[%clk 01:05:58]} {[%emt 00:00:32]} Nf4 {[%clk 00:44:10]} {[%emt 00:01:48]}
44. gxf4 {[%clk 01:06:09]} {[%emt 00:00:20]} d1=Q {[%clk 00:43:41]} {[%emt
00:00:59]} 0-1

[Event "DVM U12 2022"]
[Site "München GER"]
[Date "2022.12.30"]
[Round "7"]
[White "Madel, Luca"]
[Black "Roos Nazario, Valentin"]
[Result "0-1"]
[Termination "normal"]
[Board "10.1"]
[WhiteElo "1104"]
[BlackElo "1196"]
[WhiteTeam "Barnimer Schachfreunde im SV Stahl Finow"]
[BlackTeam "TTC Grün-Weiß Fritzdorf 1958"]
[PlyCount "114"]
[WhiteFideId "16296516"]
[BlackFideId "16295722"]
[EventCountry "GER"]
[EventRounds "7"]
[EventType "team-swiss"]
[EventDate "2022.12.26"]

1. d4 d5 2. Bf4 Nf6 3. Nf3 c5 4. e3 Nc6 5. c3 e6 6. Bd3 Bd6 7. Bg3 O-O 8. Nbd2
b6 9. O-O Bb7 10. Ne5 Ne8 11. f4 Nf6 12. Bh4 Be7 13. Bxf6 Bxf6 14. g4 g6 15.
Qf3 Nxe5 16. fxe5 Bg5 17. Rf2 f6 18. Qg3 fxe5 19. Rxf8 Qxf8 20. Qxe5 Qf6 21.
Qxf6 Bxf6 22. Nf3 Rf8 23. Rf1 Kg7 24. g5 Be7 25. h4 h6 26. Kg2 Bc8 27. b3 Rh8
28. Ne5 Rf8 29. Rxf8 Bxf8 30. Nxg6 Bd6 31. gxh6 Kxh6 32. Kf3 Kh5 33. dxc5 Bxc5
34. Ne5 Kxh4 35. Nc6 a5 36. Bg6 Kg5 37. Bd3 Kf6 38. b4 axb4 39. cxb4 Bd6 40. b5
e5 41. e4 Be6 42. a4 Bc7 43. Bc2 dxe4 44. Bxe4 Bb3 45. Nb4 Ke6 46. Bc2 Bxc2 47.
Nxc2 Kd5 48. Ne3 Kd4 49. Nf5 Kd3 50. Ne3 e4 51. Kf2 Bd6 52. Nd5 Kd2 53. a5 bxa5
54. b6 e3 55. Nxe3 Bc5 56. Kf3 Bxe3 57. b7 Ba7 0-1